Date e Segno zodiacale - Quiz n°26 - Statistics

Statistiche generali
  • Questo quiz è stato fatto 7 volte
  • Il punteggio medio è 9 su 10
Statistiche sulle risposte
Hint Risposta % Corretto
16 febbraio Aquario
100%
8 luglio Cancro
100%
19 marzo Pesci
100%
2 novembre Scorpione
100%
31 gennaio Aquario
80%
30 gennaio Aquario
80%
19 aprile Ariete
80%
4 maggio Toro
80%
15 maggio Toro
80%
2 aprile Ariete
60%
Nessun quiz corrispondente trovato
Distribuzione punteggi
Percentuale di utenti per punteggio
Percentile per numero di risposta
I tuoi punteggi nel tempo
Non hai fatto questo quiz